02630nam a2200421 a 450000100090000000300090000900500170001800700090003500800410004402000190008504000220010409200340012610000290016024502310018926000400042030000440046049000110050450000680051550507940058365000460137765000470142365000510147065000400152165000450156170000240160670000380163070000390166870000250170783000110173291000370174394200120178094500390179295201380183195201460196995600390211595600390215499900150219300003830DO-SdBNP20180312083415.000003830091118s2014 dr abc 000 0 spa d a9789945118407  aBPMSUbspacBPMSU a373.83bA452s 2do. 20141 aAlmonte Ysiano, Ana Iris10aSociedad 2 ; historia y geografía de América :beducación media /cAna Iris Almonte Ysiano, Eric Castro Ricart ; editores Fanny Capellán Almonte, Eric Castro Ricart ; dirección editorial Obdulia García de Escobar. aSanto Domingo :bSantillana,c2014. a295 p. :bil., mapas., retrs. ;c28 cm.1 aInnova aEducación media/2do. grado/1er. ciclo/Segundo de bachillerato0 tBloque 1.t1. América Precolombina -- 2. Antecedentes del descubrimiento tBloque 2.t3. Descubrimiento y conquista -- 4. La colonización en América -- 5. El ocaso del dominio español --tBloque 3.t6. América independiente -- 7. Vida republicana en América -- 8. Expansión de los Estados Unidos --tBloque 4.t9.Los inicios del siglo XX -- 10. América a mitad del siglo XX -- 11. América: últimas décadas del siglo XXtBloque 5. t12. América: localización y límites -- 13. América: geología y relieve -- 14. América: hidrografía -- 15. América: climastBloque 6.t16. Organización del espacio -- 17. La población de América -- 18. América: recursos naturales -- 19. América: sectores primario y secundario -- 20. Servicios y ciudades. 4aCIENCIAS SOCIALESxEDUCACIÓN SECUNDARIA 4aCIENCIAS SOCIALESxENSEÑANZA SECUNDARIA  4aEDUCACIÓN SECUNDARIAzREPÚBLICA DOMINICANA 4aCIENCIAS SOCIALESxLIBROS DE TEXTOS 4aCIENCIAS SOCIALESxESTUDIOS Y EJERCICIOS12aCastro Ricart, Eric12aCapellán Almonte, Fanny,eed. 12aGarcía de Escobar, Obdulia,eed.12aLlibre, Claudiaeed. 0aInnova aValidado. Control de calidad MFF 2ddccBK aRemanejado para la BNPHU / 2018 BT 00102ddc4070aBPMETbBPMETd2016-04-07eDonaciónl0o373.83 A452s 2do. 2014 pBPMSU16040186r2016-04-07w2016-04-07yBK 00102ddc40708CEaBPMETbBPMETd2016-04-07eDonaciónl0o373.83 A452s 2do. 2014pBPMSU16040187r2016-04-07te. 2w2016-04-07yBK aVMATEOb10c20150708lBPMSUh00151 aLOPEREZb10c20160407lBPMSUh0041 c9608d9608